Advances in agronomy V.78 (Record no. 42146)

MARC details
000 -LEADER
fixed length control field 00343nam a2200133Ia 4500
020 ## - INTERNATIONAL STANDARD BOOK NUMBER
ISBN 120007967
082 ## - DEWEY DECIMAL CLASSIFICATION NUMBER
Classification number 631/635
Item number ADV.78
245 #0 - TITLE STATEMENT
Title Advances in agronomy V.78
260 ## - PUBLICATION, DISTRIBUTION, ETC. (IMPRINT)
Place of publication Amsterdam
Name of publisher Academic Press
Year of publication 2003
650 ## - SUBJECT ADDED ENTRY--TOPICAL TERM
Topical Term Soil acidification
700 ## - ADDED ENTRY--PERSONAL NAME
Personal name Sparks, Donald L
942 ## - ADDED ENTRY ELEMENTS (KOHA)
Koha item type Books
Holdings
Withdrawn status Lost status Damaged status Not for loan Home library Current library Date acquired Cost, normal purchase price Full call number Accession Number Koha item type
        RRII Library RRII Library 16/12/2021 124.00 631/635 ADV.78 22422 Books